000 00980cab a2200241 4500
001 ##L133627
008 060525n2006 000 0 eng u
035 _a(Sirsi) u133627
041 0 _aeng
100 1 _aPilkington, Lisa
245 0 0 _aFocus one
_bYorkshire retail and leisure
260 _c2006
490 0 _aEstates Gazette
_v(0620) 20 May 2006, 135-151(13)
520 _aCovers the redevelopment of a Leeds department store site and the boosting of Bradford's retail and leisure offer. Reports on plans to build family homes on the fringes of Leeds city centre, two new shopping centres in Sheffield, major retail developments in Barnsley and the surge in commercial property investment in Huddersfield.
590 _aIKA060606
651 4 _aYORKSHIRE
690 _aPROPERTY-COMMERCIAL PROPERTY-COMMERCIAL PROPERTY MARKET
700 1 _aQuinn, David
700 1 _aNorwood, Graham
700 1 _aAdshead, Anthony
700 1 _aKivlehan, Noella Pio
942 _n0
999 _c77116
_d77116